000 nam a22 7a 4500
999 _c21393
_d21393
008 170121b xxu||||| |||| 00| 0 eng d
020 _a0697210022
050 _aQH 308.2 .M 33 2012
100 _aMader sylvia S.
_d2012
245 _aIntroduction to Biology
_cSylvia S. Mader
260 _aAustralia
_bWM.C.Bron Publishers
_c2012
300 _axvi,400p;
_bill.;
_c29cm.
500 _aincludes bibliographical references and index.
942 _2lcc
_cBOOKS
_hQH 308.2 .M 33 2012
_k28754